It looks like you're offline.
Open Library logo
additional options menu

MARC Record from marc_columbia

Record ID marc_columbia/Columbia-extract-20221130-031.mrc:367305724:8060
Source marc_columbia
Download Link /show-records/marc_columbia/Columbia-extract-20221130-031.mrc:367305724:8060?format=raw

LEADER: 08060cam a2201537Ii 4500
001 15306114
005 20220521225627.0
006 m o d
007 cr cnu---unuuu
008 140806s2014 nyua jo6 000 0aeng d
035 $a(OCoLC)ocn885336701
035 $a(NNC)15306114
040 $aTEFOD$beng$erda$epn$cTEFOD$dMNW$dTEFOD$dC@V$dX#7$dMR7$dFSP$dOCLCO$dOCLCF$dHCO$dOCLCA$dOCL$dOCLCO$dUOK$dTXP$dNTG$dZQP$dYDX$dOCLCO$dAVR$dOCLCO$dB@L$dTXUPP$dHQD$dGRR$dZAC$dROC$dQT4$dQQ3$dDYJ$dH4N$dUBY$dMLM$dT3Q$dEBLCP$dSDG$dORU$dUKAHL$dOCLCQ$dNHM$dOCLCQ$dTEFOD$dNBT$dRECBK$dNJT$dOCLCO$dN$T$dOCLCA$dOCLCQ$dCGN$dOCLCA$dOCL$dOCLCO$dVLB$dOCLCO
019 $a904175844$a1124358002$a1148180197
020 $a1613126212$q(ebook)
020 $a9781613126219$q(electronic bk.)
020 $z9781419710209$q(hardcover)
020 $z1419710206$q(hardcover)
020 $z9781419712173$q(paperback)
020 $z1419712179$q(paperback)
020 $z9780606361484$q(print)
020 $z0606361480$q(print)
020 $z9781480668362$q(Paw Prints)
020 $z1480668362$q(Paw Prints)
020 $z9781489844224$q(print)
020 $z1489844228$q(print)
028 42 $aMWT11878647
035 $a(OCoLC)885336701$z(OCoLC)904175844$z(OCoLC)1124358002$z(OCoLC)1148180197
037 $aB963327F-FF22-4A7F-973D-E9E1E3661A94$bOverDrive, Inc.$nhttp://www.overdrive.com
043 $an-us---
050 4 $aHV2534.B45$bE43 2014eb
055 8 $aHV2534.B45$bE53 2014
060 4 $aWV 17$bB433d 2014
082 04 $a741.5973$223
084 $aJNF062010$aJNF024070$aJNF053060$2bisacsh
084 $aJUV015020$aJUV039060$2bisacsh
084 $aJUV008000$2bisacsh
084 $aJ238.2$2clc
049 $aZCUA
100 1 $aBell, Cece,$eauthor,$eillustrator.
245 10 $aEl Deafo /$cCece Bell ; color by David Lasky.
264 1 $aNew York, NY :$bAmulet Books,$c2014.
300 $a1 online resource (233 pages) :$bchiefly color illustrations
336 $atext$btxt$2rdacontent
337 $acomputer$bc$2rdamedia
338 $aonline resource$bcr$2rdacarrier
588 0 $aOnline resource; title from digital title page (ProQuest Ebook Central, viewed January 13, 2020).
520 $a"Going to school and making new friends can be tough. But going to school and making new friends while wearing a bulky hearing aid strapped to your chest? That requires superpowers! In this funny, poignant graphic novel memoir, author/illustrator Cece Bell chronicles her hearing loss at a young age and her subsequent experiences with the Phonic Ear, a very powerful--and very awkward--hearing aid. The Phonic Ear gives Cece the ability to hear--sometimes things she shouldn't--but also isolates her from her classmates. She really just wants to fit in and find a true friend, someone who appreciates her as she is. After some trouble, she is finally able to harness the power of the Phonic Ear and become "El Deafo, Listener for All." And more importantly, declare a place for herself in the world and find the friend she's longed for"--$cfrom publisher's web site.
520 $aStarting a new school is scary, even more so with a giant hearing aid strapped to your chest. At her old school, everyone in Cece's class was deaf. Here she is different. She is sure the kids are staring at the Phonic Ear, the powerful aid that will help her hear her teacher. Too bad it also seems certain to repel potential friends. Then Cece makes a startling discovery. With the Phonic Ear she can hear her teacher not just in the classroom, but anywhere her teacher is in the school--in the hallway...in the teacher's lounge...in the bathroom! This is power, maybe even superpower. Cece is on her way to becoming El Deafo, listener for all. But the funny thing about being a superhero is that it's just another way of feeling different...and lonely. Can Cece channel her powers into finding the thing she wants most, a true friend?
521 $aMiddle readers.
586 $aNewbery Honor, 2015.
600 10 $aBell, Cece$xChildhood and youth$vComic books, strips, etc.
600 10 $aBell, Cece$vJuvenile literature$vComic books, strips, etc.
600 11 $aBell, Cece$vCartoons and comics.
600 12 $aBell, Cece
600 17 $aBell, Cece.$2cct
600 17 $aBell, Cece$xChildhood and youth.$2cct
600 17 $aBell, Cece.$2fast$0(OCoLC)fst01923696
600 17 $aBell, Cece$vGraphic novels.$2sears
650 0 $aDeaf children$vComic books, strips, etc.
650 0 $aDeaf children$vBiography$vJuvenile literature.
650 0 $aSchools$vComic books, strips, etc.
650 0 $aHearing aids for children$vComic books, strips, etc.
650 0 $aRabbits$vComic books, strips, etc.
650 0 $aFriendship$vComic books, strips, etc.
650 0 $aCartoonists$vBiography$vComic books, strips, etc.
650 0 $aMedicine$vComic books, strips, etc.
650 0 $aChildren.
650 0 $aHearing aids.
650 1 $aDeaf$vCartoons and comics.
650 1 $aAuthors$vCartoons and comics.
650 1 $aWomen$vBiography$vCartoons and comics.
650 1 $aGraphic novels.
650 12 $aDeafness
650 22 $aChild
650 22 $aHearing Aids
650 6 $aEnfants sourds$vBandes dessinées.
650 6 $aEnfants sourds$vBiographies$vOuvrages pour la jeunesse.
650 6 $aÉcoles$vBandes dessinées.
650 6 $aProthèses auditives pour enfants$vBandes dessinées.
650 6 $aAmitié$vBandes dessinées.
650 6 $aMédecine$vBandes dessinées.
650 6 $aEnfants.
650 6 $aProthèses auditives.
650 7 $achildren (people by age group)$2aat
650 7 $aJUVENILE FICTION$xComics & Graphic Novels$xGeneral.$2bisacsh
650 7 $aDeaf$zUnited States$vBiography.$2cct
650 7 $aAuthors, American$vBiography.$2cct
650 7 $aDeaf children$vComic books, strips, etc.$2cct
650 7 $aSchools$vComic books, strips, etc.$2cct
650 7 $aHearing aids for children$vComic books, strips, etc.$2cct
650 7 $aFriendship$vComic books, strips, etc.$2cct
650 7 $aCartoonists$vBiography.$2cct
650 7 $aComic books, strips, etc.$yUnited States.$2cct
650 7 $aCartoonists.$2fast$0(OCoLC)fst00848081
650 7 $aDeaf children.$2fast$0(OCoLC)fst00888538
650 7 $aFriendship.$2fast$0(OCoLC)fst00935174
650 7 $aHearing aids for children.$2fast$0(OCoLC)fst00953412
650 7 $aMedicine.$2fast$0(OCoLC)fst01014893
650 7 $aRabbits.$2fast$0(OCoLC)fst01086347
650 7 $aSchools.$2fast$0(OCoLC)fst01107958
650 7 $aAmerikanisches Englisch$2gnd
650 7 $aGraphic Novel$2gnd
650 7 $aGehörlosigkeit$2gnd
650 7 $aKaninchen$2gnd
650 7 $aFreundschaft$2gnd
650 7 $aDeaf$zUnited States$vBiography$vGraphic novels.$2sears
650 7 $aAmerican authors$vBiography$vGraphic novels.$2sears
650 7 $aWomen$vBiography$vGraphic novels.$2sears
655 0 $aDownloadable e-Books
655 1 $aCartoons and comics.
655 2 $aGraphic Novel
655 4 $aElectronic books.
655 4 $aCurriculum resource.
655 4 $aGraphic novels.
655 07 $aChildren's (people) comics (documents)$2aat
655 7 $agraphic novels.$2aat
655 7 $aBiographies.$2fast$0(OCoLC)fst01919896
655 7 $aComics (Graphic works)$2fast$0(OCoLC)fst01921613
655 7 $aGraphic novels.$2fast$0(OCoLC)fst01726630
655 7 $aJuvenile works.$2fast$0(OCoLC)fst01411637
655 7 $aChildren's stories$vComic books, strips, etc.$2gsafd
655 7 $aComics (Graphic works)$2lcgft
655 7 $aGraphic novels.$2lcgft
655 7 $aRomans graphiques.$2rvmgf
655 7 $aBandes dessinées.$2rvmgf
655 7 $aGraphic novels.$2sears
700 1 $aLasky, David,$ecolorist.
776 08 $iPrint version:$aBell, Cece.$tDeafo.$dNew York, NY : Amulet Books, [2014]$z9781419710209$w(DLC) 2013955590$w(OCoLC)870199731
856 40 $uhttp://www.columbia.edu/cgi-bin/cul/resolve?clio15306114$zAll EBSCO eBooks
852 8 $blweb$hEBOOKS